000 00215 a2200097 4500
001 8585
100 _aSagar Tariq Ismail
245 _aLehr dar panyen key karwahat
260 _a
_bFerozsons
_c
090 _c6908
_d6908
942 _aNUST-CAE
_cM
_c33498
999 _c243658
_d243658